| 000 | 00638nam a2200193Ia 4500 | ||
|---|---|---|---|
| 003 | GCL | ||
| 008 | 140319s9999 xx 000 0 ara d | ||
| 040 |
_aGCL / _cGCL |
||
| 082 | 0 | 4 |
_a370.03 _bا م |
| 100 | 1 | _aاحمد حسين اللقانى | |
| 245 | 1 | 0 |
_aمعجم المصطلحات التربوية المعرفة فى المناهج وطرق التدريس / _cاحمد حسين اللقانى |
| 700 | 1 | _aعلى الجمل | |
| 490 |
_aكتاب _v0 |
||
| 650 | 0 | 4 | _aالتربية |
| 650 | 0 | 4 | _aمصطلحات |
| 650 | 0 | 4 | _aالتربية الاسلامية |
| 650 | 0 | 4 | _aالمصطلحات التربوية |
| 942 |
_2ddc _cBK |
||
| 999 |
_c41538 _d41538 |
||